| 000 | 01397cam a22003134a 4500 | ||
|---|---|---|---|
| 001 | 14129302 | ||
| 003 | OSt | ||
| 005 | 20170223104834.0 | ||
| 008 | 051001s2007 maua b 001 0 eng | ||
| 010 | _a 2005043516 | ||
| 020 | _a9780073126678 (pbk. : alk. paper) | ||
| 020 | _a0073126675 (pbk. : alk. paper) | ||
| 035 | _a(OCoLC)ocm61864788 | ||
| 040 |
_aDLC _cDLC _dNhCcYBP _dOCoLC _dDLC |
||
| 042 | _apcc | ||
| 050 | 0 | 0 |
_aP90 _b.D59 2007 |
| 082 | 0 | 0 |
_a302.23 _222 |
| 100 | 1 | _aDominick, Joseph R. | |
| 245 | 1 | 4 |
_aThe dynamics of mass communication : _bmedia in the digital age / _cJoseph R. Dominick. |
| 250 | _a9th ed. | ||
| 260 |
_aBoston : _bMcGraw-Hill, _c2007. |
||
| 300 |
_axxii, 439, G-7, C-3, I-8 p. : _bill. (chiefly col.) ; _c28 cm. + _e1 DVD-ROM (4 3/4 in.) |
||
| 504 | _aIncludes bibliographical references and index. | ||
| 538 | _aRequires Windows 2000 or better, 64 MB RAM, Pentium II or faster, 200 Mhz or faster, DVD-ROM drive 1x or faster, 1023x768 resolution, SoundBlaster or compatible sound card, speakers or earphones, QuickTime 6.0 or later; or, MacIntosh OS 10.2.6 or higher. | ||
| 650 | 0 | _aMass media. | |
| 906 |
_a7 _bcbc _corignew _d1 _eocip _f20 _gy-gencatlg |
||
| 942 |
_2lcc _cBK |
||
| 999 |
_c48942 _d48942 |
||